Archiving the commons
| Titel: | Archiving the commons : looking through the lens of bak.ma / Özge Çelikaslan ; foreword: Thomas Keenan ; afterword: Pelin Tan |
|---|---|
| Verfasser: | |
| Beteiligt: | ; |
| Veröffentlicht: | Barcelona : dpr-barcelona, 2024 |
| Umfang: | 316 Seiten : Illustrationen |
| Format: | Buch |
| Sprache: | Englisch |
| Hochschulschrift: | Dissertation, Hochschule für Bildende Künste Braunschweig, 2023 |
| RVK-Notation: |
·
·
·
|
| ISBN: | 9788412494280 ; 8412494288 |
alg: 52935686 001A $03036:17-04-25 001B $03036:17-04-25 $t14:45:02.000 001D $03036:17-04-25 001U $0utf8 001X $00 002@ $0Aax 002C $aText $btxt $2rdacontent 002D $aohne Hilfsmittel zu benutzen $bn $2rdamedia 002E $aBand $bnc $2rdacarrier 003@ $0529356864 004A $A978-84-12-49428-0 004A $084-12-49428-8 006C $01444143690 $aOCoLC 010@ $aeng 010E $erda 011@ $a2024 $n2024 013D $RWissenschaftliche Literatur $#Dissertations, Academic $#Thèses et écrits académiques $74113937-9 $8Hochschulschrift [Ts1] $9085338818 021A $aArchiving the commons $dlooking through the lens of bak.ma $hÖzge Çelikaslan ; foreword: Thomas Keenan ; afterword: Pelin Tan 028A $BVerfasser $4aut $71360461469 $8Çelikaslan, Özge$Z1979- [Tp3] $9528131427 028C $BMitwirkender $4ctb $7173172849 $8Keenan, Thomas$Z1959- [Tp3] $9297352288 028C $BMitwirkender $4ctb $71037043804 $8Tan, Pelin$Z1974- [Tp3] $9325460736 033A $pBarcelona $ndpr-barcelona 034D $a316 Seiten 034M $aIllustrationen 037A $aLiteraturverzeichnis: Seiten 297-315 037C $aDissertation erschienen unter dem Titel: Reimagining digital media archiving as a practice of the commons: looking through the lens of bak.ma 037C $dDissertation $eHochschule für Bildende Künste Braunschweig $f2023 045T $aHIST $qDE-12 $2FID 045Z $8AP 15910 [Tkv] $9407303405 045Z $8AP 15999 [Tkv] $9407303774 045Z $8ST 271 [Tkv] $9412314150 045Z $8LC 13340 [Tkv] $9409648450 lok: 52935686 105 exp: 52935686 105 1 #EPN 201B/01 $017-04-25 $t14:45:02.000 201C/01 $017-04-25 201U/01 $0utf8 203@/01 $01300656700 208@/01 $a17-04-25 $be 209A/01 $a/ $f106 $x00 244Z/01 $aTürkei $x01 244Z/01 $aTurquie $x02 244Z/01 $aTurkey $x03 245Z/01 $a2.15.09. $bArchivwissenschaft und Archivtheorie / Archivsparten / Sonstige private Archive, öffentliche und private Dokumentationsstellen $x02 245Z/01 $a5.01.02. $bArchivwesen außerhalb Europas / Archivwesen weltweit / Einzelne Länder $x05 247C/01 $8->Marburg, Bibliographie zum Archivwesen der Archivschule Marburg $939588196X
| LEADER | 00000cam a22000002c 4500 | ||
|---|---|---|---|
| 001 | 529356864 | ||
| 003 | DE-603 | ||
| 005 | 20250417144502.0 | ||
| 007 | tu | ||
| 008 | 250417s2024 xx |||| m u00||u|eng c | ||
| 020 | |a 9788412494280 | ||
| 020 | |a 8412494288 | ||
| 035 | |a (DE-599)HEB529356864 | ||
| 040 | |a DE-603 |b ger |c DE-603 |d DE-603 |e rda | ||
| 041 | |a eng | ||
| 084 | |a HIST |q DE-12 |2 fid | ||
| 084 | |a AP 15910 |0 (DE-625)6946: |0 (DE-603)407303405 |2 rvk | ||
| 084 | |a AP 15999 |0 (DE-625)6973:770 |0 (DE-603)407303774 |2 rvk | ||
| 084 | |a ST 271 |0 (DE-625)143639: |0 (DE-603)412314150 |2 rvk | ||
| 084 | |a LC 13340 |0 (DE-625)90622:883 |0 (DE-603)409648450 |2 rvk | ||
| 100 | 1 | |a Çelikaslan, Özge |d 1979- |e Verfasser |4 aut |0 (DE-603)528131427 |0 (DE-588)1360461469 |2 gnd | |
| 245 | 0 | 0 | |a Archiving the commons |b looking through the lens of bak.ma |c Özge Çelikaslan ; foreword: Thomas Keenan ; afterword: Pelin Tan |
| 264 | 1 | |a Barcelona |b dpr-barcelona |c 2024 | |
| 300 | |a 316 Seiten |b Illustrationen | ||
| 336 | |a Text |b txt |2 rdacontent | ||
| 337 | |a ohne Hilfsmittel zu benutzen |b n |2 rdamedia | ||
| 338 | |a Band |b nc |2 rdacarrier | ||
| 500 | |a Literaturverzeichnis: Seiten 297-315 | ||
| 502 | |b Dissertation |c Hochschule für Bildende Künste Braunschweig |d 2023 | ||
| 655 | 7 | |a Hochschulschrift |2 gnd-content |0 (DE-588)4113937-9 |0 (DE-603)085338818 | |
| 700 | 1 | |a Keenan, Thomas |d 1959- |e Mitwirkender |4 ctb |0 (DE-603)297352288 |0 (DE-588)173172849 |2 gnd | |
| 700 | 1 | |a Tan, Pelin |d 1974- |e Mitwirkender |4 ctb |0 (DE-603)325460736 |0 (DE-588)1037043804 |2 gnd | |
| 924 | 0 | |9 - |a (DE-603)1300656700 |b DE- |c HES |d d |g / | |